Myty Marija

Bibliographic Details
Main Author: Magocsi, Cindy (Author)
Format: Article
Language:Ukrainian
PhysicalDescription:Fotogr.
Subjects:

MARC

LEADER 00000cab a2200000 a 4500
001 vtls009312307
003 SK-MaSNL
005 20260318115033.0
008 080716c2008 xo br p 000 c0ukr
015 |a SNBRB2008/07 
038 |a SVKPOCL 
040 |a SVKPOCL  |b slo  |c SVKPOCL  |e AACR2 
041 0 |a ukr 
044 |a xo  |c SK 
080 |a 7.071.2  |2 2001 
080 |a 929  |2 2001 
100 1 |a Magocsi, Cindy  |4 aut  |9 1620022 
245 1 0 |a Myty Marija  |c Sindi Magočij, Toronto, Kanada 
300 |b Fotogr. 
600 1 7 |a Magocsi-Čuvanová, Mária,  |d 1942-2008  |2 svkpocl  |9 1620023 
650 0 7 |a tanečníci  |2 svkpocl  |9 31685 
651 7 |a Oľšinkov (Slovensko)  |2 svkpocl  |9 107745 
651 7 |a Vyšná Jablonka (Slovensko)  |2 svkpocl  |9 51138 
651 7 |a Medzilaborce (Slovensko : okres)  |2 svkpocl  |9 29394 
651 7 |a Humenné (Slovensko : okres)  |2 svkpocl  |9 22484 
651 7 |a Toronto (Ont.)  |2 svkpocl  |9 71871 
655 7 |a nekrológy  |2 svkpocl  |9 402542 
773 0 |t Rusyn  |g Roč. XVIII, č. 1 (2008), s. 18-19 
852 |a SVKPO  |b KIS3GCP 
958 |a RN 
958 |a UK 
958 |a BX 
958 |a CA 
958 |a SK 
999 |c 3338203  |d 3340133